General Knowldge - Statistics

General Stats
  • This quiz has been taken 19 times
  • The average score is 2 of 13
Answer Stats
Who is the cheapest Kardashian? Kourtney Kardashian % Correct
which city sells the most pizza? New york
67%
who has the most assists? Lionel messi
40%
Most common toilet paper color in France? Pink
40%
When did the red hot chilli peppers form? 1983
13%
Who invented the word vomit? Shakespeare
7%
how many combined subscribers do the sidemen have? 99.2 million
0%
What is the plural for unicorns? A blessing
0%
Enzo amore real name Eric Arndt
0%
Harry full name Harold christopher george lewis
0%
Fastest Premier league red card Keith gillespie
0%
When did thomas the tank engine air? Oct 9 1984
0%
Most common egyptian animal Sand rat
0%
Worst player in fifa? Yin Congyao
0%
No matching quizzes found
Score Distribution
Percent of People with Each Score
Percentile by Number Answered
Your Score History
You have not taken this quiz